| Поле | Инд. | ПП | Название | Значение |
|---|---|---|---|---|
| Тип записи | a | |||
| Библиографический уровень | b | |||
| 001 | Контрольный номер | RU/IS/BASE/264553114 | ||
| 005 | Дата корректировки | 20241225090421.0 | ||
| 008 | Кодируемые данные | 19951227 | ||
| 084 | a | Индекс другой классификации/Индекс ББК | 63.529(2) | |
| a | Индекс другой классификации/Индекс ББК | 66.3(2Рос),5 | ||
| a | Индекс другой классификации/Индекс ББК | 71.083 | ||
| a | Индекс другой классификации/Индекс ББК | 88.542.5 | ||
| 097 | 00 | a | 750 | |
| 100 | 10 | a | Автор | Бабаков В. Г. |
| 100 | 1_ | a | Автор | Семенов В. М. |
| 100 | 1_ | a | Автор | Матюнина Е. В. |
| 245 | 00 | a | Заглавие | Национальные культуры в общественном развитии России |
| 650 | 04 | a | Основная рубрика | внутренняя политика |
| a | Основная рубрика | исторические науки | ||
| a | Основная рубрика | культурология | ||
| a | Основная рубрика | политика | ||
| a | Основная рубрика | психология | ||
| a | Основная рубрика | этническая психология (этнопсихология) | ||
| a | Основная рубрика | этнология (этнография) | ||
| 653 | 00 | a | Ключевые слова | историко-этническая территория |
| a | Ключевые слова | культура | ||
| a | Ключевые слова | культурно-исторические общности | ||
| a | Ключевые слова | макроэтническая общность | ||
| a | Ключевые слова | метаэтническая общность | ||
| a | Ключевые слова | национальная культура | ||
| a | Ключевые слова | национальная политика (этнополитика) | ||
| a | Ключевые слова | общности | ||
| a | Ключевые слова | психология культуры | ||
| a | Ключевые слова | Россия | ||
| a | Ключевые слова | субкультуры | ||
| a | Ключевые слова | этнические общности | ||
| 773 | 00 | t | Заглавие источника | Социально-политический журнал |
| d | Дата издания источника | 1995 | ||
| g | Прочая информация | № 5. - С. 29 - 42 | ||
| w | Контрольный № источника | RU/IS/BASE/141327997 | ||
| 901 | t | Тип документа | b |